00787nam a2200205 i 450000100060000000300090000600500170001500700030003200800410003510000200007624502780009626000480037430000220042265000380044465000170048270000200049970000200051970000210053985200210056077234ES-MaACL20260215162910.0t|041007s1913 fr ||||1| fre d1 aHamaide, Emile.14aLes régimes alimentaires dans les maladies des voies digestives et de la nutrition / cpar Hamaide et Nigay ; avec notices hydrologiques complémentaire sur les maladies des voies digestives, d'après Albert Mathieu, sur les maladies de la nutrition par Marcel Labbé. aParis : bE. Bougault, c[1913] (fA. Davy) a192 p. ; c18 cm.04aAparato digestivo-xEnfermedades.04aNutrición.1 aNigay, Antoine.1 aMathieu, Albert1 aLabbé, Marcel. aES-MaACLjF-1345